Possessing your inheritance : (Record no. 2807)
[ view plain ]
| 000 -LEADER | |
|---|---|
| fixed length control field | 00968cam a22002774a 4500 |
| 001 - CONTROL NUMBER | |
| control field | 4983049 |
| 003 - CONTROL NUMBER IDENTIFIER | |
| control field | GBCCL |
| 005 - DATE AND TIME OF LATEST TRANSACTION | |
| control field | 20241126110440.0 |
| 008 - FIXED-LENGTH DATA ELEMENTS--GENERAL INFORMATION | |
| fixed length control field | 981230s1999 cau b 001 0 eng |
| 010 ## - | |
| -- | 98056162 |
| 020 ## - INTERNATIONAL STANDARD BOOK NUMBER | |
| International Standard Book Number | 0830723579 (trade paper) |
| 040 ## - CATALOGING SOURCE | |
| Original cataloging agency | DLC |
| Transcribing agency | DLC |
| Modifying agency | DLC |
| 042 ## - | |
| -- | pcc |
| 050 00 - | |
| -- | BV4501.2 |
| -- | .P542 1999 |
| 082 00 - DEWEY DECIMAL CLASSIFICATION NUMBER | |
| Classification number | 248.4 |
| Edition information | 21 |
| Item number | PIE |
| 100 1# - MAIN ENTRY--PERSONAL NAME | |
| Personal name | Pierce, Chuck D., |
| Dates associated with a name | 1953- |
| 9 (RLIN) | 5912 |
| 245 10 - TITLE STATEMENT | |
| Title | Possessing your inheritance : |
| Remainder of title | moving forward in God's covenant plan for your life / |
| Statement of responsibility, etc. | Chuck D. Pierce & Rebecca Wagner Sytsema. |
| 260 ## - PUBLICATION, DISTRIBUTION, ETC. | |
| Place of publication, distribution, etc. | Ventura, Calif. : |
| Name of publisher, distributor, etc. | Regal Books, |
| Date of publication, distribution, etc. | c1999. |
| 300 ## - PHYSICAL DESCRIPTION | |
| Extent | 232 p. ; |
| Dimensions | 22 cm. |
| 504 ## - BIBLIOGRAPHY, ETC. NOTE | |
| Bibliography, etc. note | Includes bibliographical references and index. |
| 650 #0 - SUBJECT ADDED ENTRY--TOPICAL TERM | |
| Topical term or geographic name entry element | Christian life. |
| 9 (RLIN) | 183 |
| 700 1# - ADDED ENTRY--PERSONAL NAME | |
| Personal name | Sytsema, Rebecca Wagner. |
| 9 (RLIN) | 5913 |
| 906 ## - LOCAL DATA ELEMENT F, LDF (RLIN) | |
| a | 7 |
| b | cbc |
| c | orignew |
| d | 1 |
| e | ocip |
| f | 19 |
| g | y-gencatlg |
| 942 ## - ADDED ENTRY ELEMENTS (KOHA) | |
| Source of classification or shelving scheme | Dewey Decimal Classification |
| Koha item type | Books |
| Withdrawn status | Lost status | Source of classification or shelving scheme | Damaged status | Not for loan | Home library | Current Library | Shelving location | Date acquired | Total checkouts | Full call number | Barcode | Date last seen | Copy number | Price effective from | Koha item type |
|---|---|---|---|---|---|---|---|---|---|---|---|---|---|---|---|
| Dewey Decimal Classification | GRACE BIBLE COLLEGE | GRACE BIBLE COLLEGE | Ministry & Mission | 2017-09-21 | 248.4 PIE | 010960 | 2025-05-01 | c.1 | 2017-09-21 | Books | |||||
| Dewey Decimal Classification | GRACE BIBLE COLLEGE | GRACE BIBLE COLLEGE | Ministry & Mission | 2017-09-21 | 248.4 PIE | 010961 | 2025-05-01 | c.2 | 2017-09-21 | Books | |||||
| Dewey Decimal Classification | GRACE BIBLE COLLEGE | GRACE BIBLE COLLEGE | Ministry & Mission | 2017-09-21 | 248.4 PIE | 010962 | 2025-05-01 | c.3 | 2017-09-21 | Books | |||||
| Dewey Decimal Classification | GRACE BIBLE COLLEGE | GRACE BIBLE COLLEGE | Ministry & Mission | 2017-09-21 | 248.4 PIE | 010964 | 2025-05-01 | c.5 | 2017-09-21 | Books | |||||
| Dewey Decimal Classification | GRACE BIBLE COLLEGE | GRACE BIBLE COLLEGE | Ministry & Mission | 2017-09-21 | 248.4 PIE | 010963 | 2025-05-01 | c.4 | 2017-09-21 | Books |